00363nam a2200145Ia 4500008004100000020001500041041001200056082001600068100001700084245005400101250000800155260003100163300000800194650001500202221030s9999 xx 000 0 und d a8126109939 aEnglish a105.23bBha aV. K. Bhalla 0aInternational Financial Management - Text & Cases a2nd bAnmol PubaNew Delhic2001 a973 aManagement